[Event "BCF-chT4 0506 (4NCL)"]
[Site "West Bromwich"]
[Date "2006.05.28"]
[Round "10.3"]
[White "Taylor, Robert Graham"]
[Black "Hussain, Adrian"]
[Result "0-1"]
[WhiteElo "2002"]
[BlackElo "1735"]
[PlyCount "128"]
[EventDate "2005.11.05"]
[EventType "team"]
[EventRounds "11"]
[EventCountry "ENG"]
[SourceTitle "CBM 109 Extra"]
[Source "ChessBase"]
[SourceDate "2006.01.03"]
[SourceVersion "2"]
[SourceVersionDate "2006.01.03"]
[SourceQuality "1"]
[WhiteTeam "Pontypridd"]
[BlackTeam "Athenaeum II"]
[WhiteTeamCountry "ENG"]
[BlackTeamCountry "ENG"]

1. e4 c5 2. Nf3 d6 3. d4 cxd4 4. Nxd4 Nf6 5. Nc3 a6 6. Be3 e6 7. Be2 Be7 8. 0-0 0-0 9. f4 b5 10. Bf3 e5 11. Nf5 Nc6 12. Nxe7+ Qxe7 13. f5 h6 14. g4 Nh7 15. Bg2 Rb8 16. Qd2 Bb7 17. Rad1 Rfd8 18. Qf2 f6 19. h4 Qf7 20. Nd5 Ne7 21. Nxe7+ Qxe7 22. Rd2 Rbc8 23. Rfd1 Rc6 24. Qe2 Rdc8 25. c3 Rd8 26. Qd3 Kh8 27. Kf2 Rg8 28. Rh1 Qf7 29. a3 Rd8 30. g5 fxg5 31. hxg5 d5 32. exd5 Rcd6 33. gxh6 Bxd5 34. hxg7+ Kg8 35. Bc5 R6d7 36. Qh3 Qxg7 37. Bxd5+ Rxd5 38. Rxd5 Rxd5 39. Be3 Rd3 40. Rg1 Ng5 41. Qh4 Rxe3 42. Kxe3 Qa7+ 43. Ke2 Qxg1 44. Qb4 Qg2+ 45. Kd1 Qf1+ 46. Kc2 Qxf5+ 47. Kd1 Qd3+ 48. Kc1 Nf3 49. Qe7 Qe3+ 50. Kb1 Nd2+ 51. Kc2 Nc4 52. Qe6+ Kg7 53. Qg4+ Kf6 54. Qh4+ Qg5 55. Qh8+ Kf5 56. Qc8+ Kf4 57. Kb3 e4 58. Qf8+ Kg3 59. Qb8+ Ne5 60. Qb6 e3 61. a4 bxa4+ 62. Kxa4 Qf4+ 63. Kb3 e2 64. Qg1+ Kf3 0-1

[Event "BCF-chT4 0506 (4NCL)"]
[Site "West Bromwich"]
[Date "2005.12.03"]
[Round "3.6"]
[White "Hussain, Adrian"]
[Black "Shaw, John S"]
[Result "0-1"]
[WhiteElo "1735"]
[BlackElo "1935"]
[PlyCount "70"]
[EventDate "2005.11.05"]
[EventType "team"]
[EventRounds "11"]
[EventCountry "ENG"]
[SourceTitle "CBM 109 Extra"]
[Source "ChessBase"]
[SourceDate "2006.01.03"]
[SourceVersion "2"]
[SourceVersionDate "2006.01.03"]
[SourceQuality "1"]
[WhiteTeam "Athenaeum II"]
[BlackTeam "FCA Solutions II"]
[WhiteTeamCountry "ENG"]
[BlackTeamCountry "ENG"]

1. e4 c5 2. Nf3 Nc6 3. d4 cxd4 4. Nxd4 Nf6 5. Nc3 e5 6. Nf3 Bb4 7. Bc4 0-0 8. Bg5 h6 9. Bxf6 Qxf6 10. 0-0 Bxc3 11. bxc3 d6 12. Re1 Bg4 13. Re3 Rac8 14. Rb1 Na5 15. Bd5 b6 16. Qd3 Be6 17. Nd2 Bxd5 18. exd5 Qe7 19. Rb4 f5 20. f4 e4 21. Qe2 Qf6 22. Nb1 Rc5 23. c4 Rfc8 24. c3 Nxc4 25. Rg3 Qf7 26. Qd1 Rxd5 27. Qe2 Rdc5 28. a3 a5 29. Rb3 d5 30. Rh3 R5c6 31. Qh5 Qxh5 32. Rxh5 Rf8 33. Rb5 Rc5 34. Rxc5 bxc5 35. Rh3 Rb8 0-1